| 000 | 00376nam a22001097a 4500 | ||
|---|---|---|---|
| 050 |
_a(The) HD 7694 _b.S9 2024 |
||
| 100 | _aSyuki Norman Musyoki | ||
| 245 | _aPrinciples work environment management practices and students academic performance in public day secondary schools in Kitui West Sub-county, Kenya | ||
| 300 | _a106p. | ||
| 650 | _bschool management | ||
| 942 |
_2lcc _cTHE |
||
| 999 |
_c18784 _d18784 |
||